01728nam a22002297a 4500003000400000005001700004008004100021040002800062100004300090245034900133260004100482300005400523502018900577504005300766505035200819650008101171651006301252700004301315700004801358700004201406700005001448OSt20191014191934.0170814b xxu||||| |||| 00| 0 esp d cDO-SdBJHaDO-SdBJHbspa1 aGuzmán Castillo, Stevenesustentante10aPropuesta de modernización de la Fuerza Aérea de República Dominicana (2016-2020): Análisis diagnóstico del Comando Aéreo / c Steven Guzmán Castillo, Aniello Muñiz Vitiello, Sebastián Ramírez Fondeur, asesores Mao Enuá Gómez Vásquez, Tebi Enrique Rodríguez Hernández  aSanto Domingo Este :bINSUDE, c2015 axv, 59 páginas, ilustraciones-tablas-gráficos aTrabajo de grado (Licenciatura en Ciencias Aeronáuticas) Instituto Superior para la Defensa (INSUDE). -- Academia Aérea Gral. De Brigada Piloto Frank Andrés Feliz Miranda, 2015. aIncluye referencias bibliográficas e índices aAntecedentes históricos del Comando Aéreo de la Fuerza Aérea de República Dominicana. -- Aspectos generales del Comando Aéreo y el modo en que opera en la Fuerza Aérea de República Dominicana, FARD. -- Propuesta de modernización de la Fuerza Aérea de República Dominicana (2016-2020): Análisis diagnostico del Comando Aéreo 4aAnálisis del Comando Aéreo -- Modernización Fuerza Aérea (propuesta) 4aRepública Dominicana. Fuerza Aérea -- Comando aéreo1 aMuñiz Vitiello, Anielloesustentante1 aRamírez Fondeur, Sebastiánesustentante1 aGómez Vásquez, Mao Enuáeasesor1 aRodríguez Hernández, Tebi Enriqueeasesor